[Event "Sautron op 18th"]
[Site "Sautron "]
[Date "2018.10.21"]
[Round "2.2"]
[White "Nikolov, Momchil"]
[Black "Caderon, Michel"]
[Result "1-0"]
[WhiteElo "2555"]
[BlackElo "1979"]
[PlyCount "69"]
[EventDate "2018.10.20"]
[EventType "swiss"]
[EventRounds "9"]
[EventCountry "FRA"]
[SourceTitle "CBM 187 Extra"]
[Source "ChessBase"]
[SourceDate "2018.11.04"]
[SourceVersion "1"]
[SourceVersionDate "2018.11.04"]
[SourceQuality "1"]

1. d4 Nf6 2. c4 g6 3. Nc3 Bg7 4. e4 d6 5. Nf3 0-0 6. Be2 e5 7. d5 a5 8. Bg5 h6 9. Bh4 Na6 10. Nd2 Qe8 11. 0-0 Bd7 12. b3 Nh7 13. a3 h5 14. f3 Bh6 15. Bf2 Qe7 16. Kh1 h4 17. Rb1 Bf4 18. b4 axb4 19. axb4 Qg5 20. Rb2 Nxb4 21. Ndb1 Na6 22. Rxb7 Be3 23. Bxe3 Qxe3 24. Qd2 Qc5 25. h3 g5 26. Rb2 Kg7 27. Nb5 f5 28. exf5 Bxf5 29. N1c3 Nb8 30. Bd3 Bxd3 31. Qxd3 Nd7 32. Ne4 Qb6 33. Rfb1 Nc5 34. Nxc5 Qxc5 35. Nxc7 1-0

[Event "Agneaux St Lo op 17th"]
[Site "Agneaux"]
[Date "2016.07.08"]
[Round "2.3"]
[White "Caderon, Michel"]
[Black "Delorme, Alban"]
[Result "1/2-1/2"]
[WhiteElo "1998"]
[BlackElo "2358"]
[PlyCount "60"]
[EventDate "2016.07.07"]
[EventType "swiss"]
[EventRounds "9"]
[EventCountry "FRA"]
[SourceTitle "EXT 2020"]
[Source "ChessBase"]
[SourceDate "2019.10.17"]
[SourceVersion "1"]
[SourceVersionDate "2019.10.17"]
[SourceQuality "1"]

1. e4 c5 2. Nf3 Nc6 3. d4 cxd4 4. Nxd4 Nf6 5. Nc3 d6 6. Bc4 Bd7 7. f3 Qb6 8. Nb3 g6 9. Bg5 Be6 10. Bxf6 exf6 11. Bd5 Rc8 12. Qd2 Be7 13. 0-0-0 0-0 14. Nd4 Nxd4 15. Qxd4 Qa5 16. Qa4 Qc5 17. Qd4 f5 18. Bxb7 Bg5+ 19. Kb1 Rc7 20. Qxc5 Rxc5 21. exf5 Bxf5 22. Be4 Be6 23. Bd5 Rxc3 24. bxc3 Rb8+ 25. Bb3 a5 26. Ka1 Bf6 27. Rd3 Bf5 28. Re3 Bg5 29. Re2 Bf6 30. Re3 Bg5 1/2-1/2

[Event "Sautron op 15th"]
[Site "Sautron"]
[Date "2015.10.27"]
[Round "5.6"]
[White "Migot, Tangi"]
[Black "Caderon, Michel"]
[Result "1/2-1/2"]
[WhiteElo "2399"]
[BlackElo "1993"]
[PlyCount "83"]
[EventDate "2015.10.24"]
[EventType "swiss"]
[EventRounds "9"]
[EventCountry "FRA"]
[SourceTitle "CBM 169 Extra"]
[Source "ChessBase"]
[SourceDate "2015.12.18"]
[SourceVersion "1"]
[SourceVersionDate "2015.12.18"]
[SourceQuality "1"]

1. e4 c5 2. Nc3 d6 3. Nf3 Nf6 4. d4 cxd4 5. Nxd4 a6 6. Be2 e5 7. Nb3 Be7 8. 0-0 Be6 9. Be3 0-0 10. Qd3 Nbd7 11. Nd5 Bxd5 12. exd5 Nc5 13. Nxc5 dxc5 14. Bf3 Qd6 15. c4 Nd7 16. g4 h6 17. Rae1 b5 18. b3 b4 19. Bd1 g5 20. Bc2 Nf6 21. Bc1 Qd7 22. Rxe5 Qxg4+ 23. Kh1 Bd6 24. Rf5 Qh5 25. f4 Ng4 26. h3 Rae8 27. Kg2 Nh2 28. Rf6 Re2+ 29. Rf2 Rxf2+ 30. Kxf2 Ng4+ 31. hxg4 Qh2+ 32. Kf3 Qh1+ 33. Ke2 Qg2+ 34. Ke1 Qg1+ 35. Ke2 Qg2+ 36. Kd1 Qg1+ 37. Kd2 Qf2+ 38. Qe2 Qd4+ 39. Qd3 Qf2+ 40. Kd1 Qg1+ 41. Ke2 Qg2+ 42. Kd1 1/2-1/2

[Event "Sautron op 15th"]
[Site "Sautron"]
[Date "2015.10.23"]
[Round "6.13"]
[White "Caderon, Michel"]
[Black "Lejarre, Ludovic"]
[Result "0-1"]
[WhiteElo "1993"]
[BlackElo "2342"]
[PlyCount "82"]
[EventDate "2015.10.24"]
[EventType "swiss"]
[EventRounds "9"]
[EventCountry "FRA"]
[SourceTitle "EXT 2019"]
[Source "ChessBase"]
[SourceDate "2018.10.10"]
[SourceVersion "1"]
[SourceVersionDate "2018.10.10"]
[SourceQuality "1"]

1. e4 e5 2. Nf3 Nc6 3. Bb5 a6 4. Ba4 Nf6 5. 0-0 Be7 6. Qe2 b5 7. Bb3 0-0 8. c3 d6 9. Rd1 Na5 10. Bc2 c5 11. d4 Qc7 12. d5 Bd7 13. Nbd2 Nh5 14. g3 g6 15. Kg2 c4 16. Nf1 Nb7 17. Bd2 Nc5 18. h3 Bf6 19. g4 Nf4+ 20. Bxf4 exf4 21. g5 Bg7 22. Nd4 f6 23. gxf6 Rxf6 24. Nh2 Rf7 25. f3 Qd8 26. Ng4 Qh4 27. Rh1 Qg3+ 28. Kf1 b4 29. Qf2 h5 30. Qxg3 fxg3 31. Ne3 Bxd4 32. cxd4 Rxf3+ 33. Kg1 Nxe4 34. Nxc4 Nf2 35. Kg2 Raf8 36. Bd1 R8f4 37. Re1 h4 38. Re7 Bxh3+ 39. Kg1 Nxd1 40. Rxd1 Rf1+ 41. Rxf1 Rxf1# 0-1

[Event "Sautron op 15th"]
[Site "Sautron"]
[Date "2015.10.23"]
[Round "8.14"]
[White "Navrotescu, Catalin"]
[Black "Caderon, Michel"]
[Result "1-0"]
[WhiteElo "2366"]
[BlackElo "1993"]
[PlyCount "59"]
[EventDate "2015.10.24"]
[EventType "swiss"]
[EventRounds "9"]
[EventCountry "FRA"]
[SourceTitle "EXT 2019"]
[Source "ChessBase"]
[SourceDate "2018.10.10"]
[SourceVersion "1"]
[SourceVersionDate "2018.10.10"]
[SourceQuality "1"]

1. d4 Nf6 2. c4 g6 3. Nc3 Bg7 4. e4 d6 5. Nf3 0-0 6. Be2 e5 7. 0-0 Nc6 8. d5 Ne7 9. Ne1 Ne8 10. Nd3 f5 11. Bd2 Nf6 12. f3 f4 13. c5 g5 14. Rc1 Ng6 15. Nb5 Rf7 16. Ba5 b6 17. cxd6 cxd6 18. Be1 Ne8 19. Nb4 h5 20. Nc6 Qf6 21. Nbxa7 Bd7 22. Bf2 g4 23. fxg4 Qg5 24. gxh5 f3 25. Bxf3 Nf4 26. Kh1 Nf6 27. Nb5 Bf8 28. Nc7 Nh3 29. gxh3 Bxh3 30. Ne6 1-0

[Event "Lille Luce op 6th"]
[Site "Lille"]
[Date "2015.05.08"]
[Round "6"]
[White "Caderon, Michel"]
[Black "Strikovic, Aleksa"]
[Result "0-1"]
[WhiteElo "1999"]
[BlackElo "2526"]
[PlyCount "78"]
[EventDate "2015.05.04"]
[EventType "swiss"]
[EventRounds "9"]
[EventCountry "FRA"]
[SourceTitle "EXT 2017"]
[Source "ChessBase"]
[SourceDate "2016.10.25"]
[SourceVersion "1"]
[SourceVersionDate "2016.10.25"]
[SourceQuality "1"]

1. e4 c5 2. Nf3 e6 3. d4 cxd4 4. Nxd4 a6 5. Bd3 Nf6 6. 0-0 Qc7 7. Qe2 d6 8. c4 g6 9. Nc3 Bg7 10. Be3 0-0 11. Rac1 b6 12. f3 Bb7 13. Rfd1 Nbd7 14. b3 Rac8 15. Qf2 Qb8 16. Bf1 Rfe8 17. g4 h6 18. h4 Nh7 19. g5 hxg5 20. hxg5 Rc5 21. Nde2 Nxg5 22. Bxc5 bxc5 23. Qg3 Bh6 24. Rc2 Nf6 25. Bg2 e5 26. Rcd2 Nh5 27. Qg4 Ne6 28. Rxd6 Be3+ 29. Kf1 Bd4 30. Rb6 Qc7 31. Na4 Kg7 32. b4 Bc8 33. Qh4 Rh8 34. Qe1 Nhf4 35. bxc5 Nxe2 36. Kxe2 Nf4+ 37. Kf1 Rh1+ 38. Bxh1 Bh3+ 39. Bg2 Bxg2# 0-1

[Event "Lille Luce op 6th"]
[Site "Lille"]
[Date "2015.05.06"]
[Round "4"]
[White "Caderon, Michel"]
[Black "Baude, Christian"]
[Result "1-0"]
[WhiteElo "1999"]
[BlackElo "1735"]
[PlyCount "120"]
[EventDate "2015.05.04"]
[EventType "swiss"]
[EventRounds "9"]
[EventCountry "FRA"]
[SourceTitle "EXT 2017"]
[Source "ChessBase"]
[SourceDate "2016.10.25"]
[SourceVersion "1"]
[SourceVersionDate "2016.10.25"]
[SourceQuality "1"]

1. e4 c5 2. Nf3 d6 3. d4 cxd4 4. Nxd4 g6 5. c4 Bg7 6. Nc3 Nf6 7. Be2 0-0 8. Be3 Nc6 9. Rc1 Bd7 10. 0-0 Ne5 11. f3 Rc8 12. b3 a6 13. Qd2 Re8 14. Rfd1 Qa5 15. Bg5 Qd8 16. Bf1 Nc6 17. Be3 Rf8 18. Nc2 Qe8 19. Na4 Be6 20. Nb6 Rb8 21. b4 Rd8 22. Nd5 Bxd5 23. exd5 Nb8 24. Bg5 Qd7 25. Nd4 Qc7 26. a4 Nbd7 27. a5 Rfe8 28. Re1 Nf8 29. Be3 Rc8 30. g3 Qd7 31. h4 e5 32. dxe6 fxe6 33. Bh3 Qe7 34. Kh2 Qf7 35. Ne2 Rcd8 36. Nc3 Nh5 37. Bg2 Kh8 38. Bd4 e5 39. Bb6 Rd7 40. Qd5 Qf6 41. Ne4 Qe7 42. Bh3 Ne6 43. Bf2 Rdd8 44. Red1 Bh6 45. Ng5 Nxg5 46. hxg5 Bxg5 47. Rc2 Rf8 48. Rd3 Nf6 49. Qe6 Qxe6 50. Bxe6 e4 51. fxe4 Nxe4 52. Be1 Rf1 53. Re2 Nf6 54. Bh3 Rf5 55. Bc3 Rc8 56. Bxf5 gxf5 57. Rxd6 Kg7 58. Ree6 Rf8 59. Rb6 Rf7 60. b5 axb5 1-0

[Event "France Railways-ch"]
[Site "Montdidier"]
[Date "2014.09.01"]
[Round "2"]
[White "Dehesdin, Wilfried"]
[Black "Caderon, Michel"]
[Result "1-0"]
[WhiteElo "2170"]
[BlackElo "2031"]
[PlyCount "47"]
[EventDate "2014.09.??"]
[EventType "swiss"]
[EventRounds "5"]
[EventCountry "FRA"]
[SourceTitle "EXT 2015"]
[Source "ChessBase"]
[SourceDate "2014.11.20"]
[SourceVersion "1"]
[SourceVersionDate "2014.11.20"]
[SourceQuality "1"]

1. d4 Nf6 2. Nc3 d5 3. Nf3 g6 4. Bf4 Bg7 5. e3 0-0 6. Bd3 c5 7. 0-0 cxd4 8. exd4 Qb6 9. h3 Bd7 10. Qd2 Bc6 11. Rab1 Nbd7 12. b4 Ne4 13. Bxe4 dxe4 14. Ne5 Rfd8 15. Qe2 Qxd4 16. Nxc6 bxc6 17. Nxe4 Nf6 18. Rfe1 Qxe4 19. Qxe4 Nxe4 20. Rxe4 a5 21. bxa5 e5 22. Bxe5 Re8 23. Rbe1 Rxa5 24. Bxg7 1-0

[Event "Cappelle op 30th"]
[Site "Cappelle la Grande"]
[Date "2014.03.06"]
[Round "7"]
[White "Caderon, Michel"]
[Black "Pogorelov, Ruslan"]
[Result "0-1"]
[WhiteElo "2030"]
[BlackElo "2364"]
[PlyCount "64"]
[EventDate "2014.03.01"]
[EventType "swiss"]
[EventRounds "9"]
[EventCountry "FRA"]
[SourceTitle "CBM 159 Extra"]
[Source "ChessBase"]
[SourceDate "2014.04.24"]
[SourceVersion "1"]
[SourceVersionDate "2014.04.24"]
[SourceQuality "1"]

1. e4 c5 2. Nf3 e6 3. d4 cxd4 4. Nxd4 a6 5. Nc3 b5 6. a3 Bb7 7. Bd3 Qc7 8. Qe2 d6 9. 0-0 Nf6 10. Kh1 Be7 11. f4 Nbd7 12. f5 e5 13. Nf3 0-0 14. Bg5 Rfe8 15. Rae1 d5 16. Bxf6 Nxf6 17. Nxd5 Bxd5 18. exd5 e4 19. Bxe4 Bxa3 20. Qd3 Bd6 21. Nd2 Rac8 22. g3 h5 23. Kg2 Re5 24. c3 Rce8 25. Qb1 Qe7 26. Kf3 Nxe4 27. Rxe4 Qg5 28. Ke2 Rxe4+ 29. Nxe4 Qg4+ 30. Ke3 Bc5+ 31. Kd2 Rxe4 32. Qd3 Re3 0-1

[Event "Morbihan-ch 1112"]
[Site "Morbihan"]
[Date "2012.02.11"]
[Round "5.6"]
[White "Pouliquen, Alain"]
[Black "Caderon, Michel"]
[Result "0-1"]
[WhiteElo "1727"]
[BlackElo "2039"]
[PlyCount "76"]
[EventDate "2011.10.08"]
[EventType "swiss"]
[EventRounds "7"]
[EventCountry "FRA"]
[SourceTitle "EXT 2014"]
[Source "ChessBase"]
[SourceDate "2013.11.20"]
[SourceVersion "1"]
[SourceVersionDate "2013.11.20"]
[SourceQuality "1"]

1. d4 Nf6 2. Nf3 g6 3. Bf4 d6 4. e3 Nh5 5. Bg3 Nxg3 6. hxg3 Bg7 7. Bc4 d5 8. Bb3 e6 9. Nbd2 Nd7 10. Nh2 c6 11. Ng4 h5 12. Nh2 e5 13. c3 Qe7 14. dxe5 Nxe5 15. Ndf3 Bd7 16. Nxe5 Bxe5 17. Nf3 Bf6 18. Qd2 0-0-0 19. 0-0-0 Rhe8 20. Bc2 Bg7 21. Kb1 Kb8 22. Bd3 c5 23. Bc2 Bc6 24. Rh4 Bf6 25. Rhh1 Bg7 26. Qc1 Bh6 27. Bb3 f5 28. a3 d4 29. cxd4 Bxf3 30. gxf3 cxd4 31. Qc4 dxe3 32. Rxd8+ Rxd8 33. Re1 Rc8 34. Qe2 Re8 35. f4 exf2 36. Qxe7 fxe1Q+ 37. Qxe1 Rxe1+ 38. Ka2 Re3 0-1

[Event "Morbihan-ch 1112"]
[Site "Morbihan"]
[Date "2011.12.03"]
[Round "3.6"]
[White "Bezy, Bernard"]
[Black "Caderon, Michel"]
[Result "0-1"]
[WhiteElo "1560"]
[BlackElo "2039"]
[PlyCount "60"]
[EventDate "2011.10.08"]
[EventType "swiss"]
[EventRounds "7"]
[EventCountry "FRA"]
[SourceTitle "EXT 2014"]
[Source "ChessBase"]
[SourceDate "2013.11.20"]
[SourceVersion "1"]
[SourceVersionDate "2013.11.20"]
[SourceQuality "1"]

1. b4 a5 2. b5 d5 3. a4 e5 4. Ba3 Bd6 5. e3 Nf6 6. c4 c5 7. bxc6 bxc6 8. cxd5 Bxa3 9. Nxa3 cxd5 10. Ne2 Ba6 11. Nb5 d4 12. Rc1 Bxb5 13. axb5 0-0 14. Qa4 dxe3 15. fxe3 Nbd7 16. Ng3 Nb6 17. Qa3 Re8 18. Nf5 Qd7 19. Nd6 Red8 20. Rc6 Nbd5 21. Bc4 Nb4 22. Qb3 Nxc6 23. Nxf7 Qxd2+ 24. Kf1 Qd1+ 25. Qxd1 Rxd1+ 26. Kf2 Rxh1 27. bxc6 Rc1 28. Nd6+ Rxc4 29. Nxc4 a4 30. Nd6 Ne8 0-1

[Event "Cappelle op 06th"]
[Site "Cappelle la Grande"]
[Date "1990.02.21"]
[Round "6"]
[White "Caderon, Michel"]
[Black "Forster, Michael"]
[Result "1/2-1/2"]
[WhiteElo "2100"]
[BlackElo "2330"]
[PlyCount "54"]
[EventDate "1990.02.18"]
[EventType "swiss"]
[EventRounds "9"]
[EventCountry "FRA"]
[SourceTitle "EXT 2004"]
[Source "ChessBase"]
[SourceDate "2003.11.25"]
[SourceVersion "1"]
[SourceVersionDate "2003.11.25"]
[SourceQuality "1"]

1. e4 e6 2. d4 d5 3. Nc3 Bb4 4. Nge2 dxe4 5. a3 Be7 6. Nxe4 Nc6 7. Bf4 Nf6 8. Qd3 0-0 9. 0-0-0 Nd5 10. Bd2 Rb8 11. h4 b5 12. Ng5 f5 13. Nf4 b4 14. Nfxe6 Qd6 15. Nc5 bxa3 16. bxa3 Nxd4 17. Bb4 Qf4+ 18. Qd2 Qxd2+ 19. Rxd2 Nxb4 20. axb4 Rxb4 21. c3 Bxc5 22. cxb4 Nb3+ 23. Kc2 Nxd2 24. bxc5 Nxf1 25. Rxf1 h6 26. Nf3 Bb7 27. Nd4 Bxg2 1/2-1/2